MDQL
is popping MORE tags! Check the
thread
!
Quizzes
Events
Quiz Creation
Community
Videos
Private Events
Remove Ads
Sign In
Join for FREE
Feedback
Dark Mode
Quiz Categories
Sports
Geography
Music
Movies
Television
Just For Fun
Miscellaneous
History
Literature
Language
Science
Gaming
Entertainment
Religion
Holiday
For Kids
Quiz Lab
Recent
Popular Today
Quiz Kudos Today
Editor Picks
Curator Picks
Quizzes by...
Day
Popularity
Type
Ratings
Length
Year
Community
Subscriptions
Recent Discussions
Orange Saloon
Badges
Playlists
Quests
Create
Leaderboards
Showdown
Live 5
Trivia Bingo
Activity
Puzzle Library
Sporcle Events
Private Events
Virtual Trivia
Globe League
Become a Host
Pub Owners
SporcleCon
Opinionation
Our Games
Videos
Blog
Mobile Apps
Partnerships
Remove Ads and Go Orange
Feedback
Music
Pop Music
The Beatles
Song
Album
Lyrics
Bands
Singers
Artist
Clip
Rock
Rap
Classical
Billboard
Country Music
Kpop
Taylor Swift
Music
Pop Music
The Beatles
Song
Album
Lyrics
Bands
Singers
Artist
Clip
Rock
Rap
Classical
Billboard
Country Music
Kpop
Taylor Swift
Random Quiz
Search Sporcle
×
Quiz Lab
Quiz Lab
Music
Pop Music
Type in answers that appear in a list
Type in answers that appear in a list
Classic
Best Score? Go Orange.
'Nina' Lyrics by Ed Sheeran - Part 2 Stats
Can you name the lyrics from the second part of this Ed Sheeran song?*
By
lolmusiclol
10m
221 Questions
132 Plays
132 Plays
132 Plays
Comments
Comments
Give Quiz Kudos
Give Quiz Kudos
-
- Ratings
hide this ad
More Info
Replay
Link that replays current quiz
Next Quiz
Link to next quiz in quiz playlist
You Got
0%
They Got
Avg Score
76%
Avg Friend Score
Upgrade to see
Score Distribution
Jump to the score distribution portion of the page
Score
0/221
Timer
10:00
0
Plays Today
% Correct
Oh,
97.7%
Oh,
97.7%
you
97%
you
97%
you
97%
you
97%
you
97%
I
94.7%
I
94.7%
I
94.7%
I
94.7%
I
94.7%
a
94.7%
a
94.7%
a
94.7%
a
94.7%
[CHORUS]
94.7%
[CHORUS] x2
94.7%
I
94.7%
me
92.4%
me
92.4%
me
92.4%
the
90.9%
the
90.9%
the
90.9%
the
90.9%
the
90.9%
the
90.9%
the
90.9%
the
90.9%
the
90.9%
And
88.6%
And
88.6%
and
88.6%
And
88.6%
and
88.6%
and
88.6%
and
88.6%
we
86.4%
we
86.4%
we
86.4%
we
86.4%
in
84.1%
be
84.1%
your
84.1%
be
84.1%
in
84.1%
be
84.1%
in
84.1%
your
84.1%
your
84.1%
my
83.3%
on
83.3%
on
83.3%
my
83.3%
my
83.3%
on
83.3%
on
83.3%
to
81.8%
to
81.8%
to
81.8%
to
81.8%
to
81.8%
to
81.8%
to
81.8%
it.
80.3%
it
80.3%
it
80.3%
it
80.3%
but
78.8%
but
78.8%
can
78.8%
but
78.8%
but
78.8%
% Correct
can
78.8%
but
78.8%
can
78.8%
every
78%
every
78%
should
78%
with
76.5%
back
76.5%
with
76.5%
so
76.5%
back.
76.5%
with
76.5%
I'm
76.5%
So
76.5%
with
76.5%
back,
76.5%
winter
75.8%
you'd
75.8%
when
75.8%
you'd
75.8%
go,
75.8%
go.
75.8%
go.
75.8%
wearing
75%
hoodie,
75%
tight
75%
from
75%
cold,
75%
'cause
75%
can't
75%
you'll
75%
take
75%
'cause
75%
Love
75%
love
75%
Take
75%
pulled
74.2%
face
74.2%
taking
73.5%
friends,
73.5%
taking
73.5%
day
72.7%
own,
72.7%
day
72.7%
was
72.7%
only
72.7%
new
72.7%
then
72.7%
put
72.7%
family
72.7%
will
72.7%
only
72.7%
not
72.7%
it's
72.7%
day
72.7%
will
72.7%
will
72.7%
own.
72.7%
weekend
72%
keep
72%
speak
72%
habits,
72%
were
72%
we'll
72%
we'll
72%
leave
72%
now?
72%
leave
72%
now?
72%
where
71.2%
phone.
71.2%
'Blue
71.2%
planet',
71.2%
creating
71.2%
% Correct
if
71.2%
selfish,
71.2%
help
71.2%
except
71.2%
between
71.2%
forever
71.2%
have
71.2%
have
71.2%
say
71.2%
local
70.5%
we'd
70.5%
we'd
70.5%
Watching
70.5%
two
70.5%
call
70.5%
before
70.5%
step
70.5%
just
70.5%
before
70.5%
make
70.5%
too
70.5%
make
70.5%
away
69.7%
rabbits.
69.7%
guess
69.7%
saying
69.7%
plane,
69.7%
again.
69.7%
trips
68.9%
vanish
68.9%
all
68.9%
celtics.
68.9%
everything
68.9%
break,
68.9%
mistake,
68.9%
late.
68.9%
won't
68.9%
won't
68.9%
as
68.2%
job
68.2%
come
68.2%
disappear,
68.2%
understand
66.7%
lead
66.7%
drawstrings
65.9%
situation,
65.2%
get
64.4%
fall
64.4%
heart.
64.4%
our
63.6%
Overlook
62.9%
feelings
62.9%
complications.
62.9%
that
62.9%
broken
62.9%
mend
62.1%
mixing
61.4%
re-evaluate
60.6%
quick
60.6%
People
60.6%
apart,
60.6%
Sing
59.8%
business
59.1%
eat
58.3%
deal
56.8%
pain
56.8%
or
56.8%
song,
56.1%
burrow
55.3%
either
55.3%
grow
54.5%
wait
53.8%
acting
51.5%
Quiz Playlist
Details
Report
Send in Message
Add To Playlist
More Info:
Part 1: http://www.sporcle.com/games/lolmusiclol/nina-lyrics-by-ed-sheeran---part-1
Classic:
Type in answers that appear in a list
Last Updated: Feb 16, 2017
Quiz Scoreboard
CHALLENGE
Sign Up to Join the Scoreboard
Show All
Scores
Hide
Comments
May contain spoilers
Recently Published
Street Fighter Characters
by Artimus82
Gaming
60s
9x9 Crossword: Cartoon Network
by jackfrog10
Miscellaneous
3m
College Basketball Coaching Resumes
by pancakes188
Sports
9m
More to Explore
Quiz From the Vault
Featured Blog Post
Where Did the Easter Bunny Come From?
hide this ad
You Might Also Like...
Tags
Lyrics Quiz
Pop Music Quiz
2010s
2014
Ed Sheeran
nina
Today's Top Quizzes in Music
Browse Music
hide this ad
Today's Top Quizzes in Pop Music
Browse Pop Music
Top Contributed Quizzes in Music
1
Taylor Swift All Songs (2024)
2
Taylor Swift Logic Puzzle
3
Guess the Artist- 70s Songs
4
7-to-1: Billboard Hot 100 #1 Hits of 2010s
5
Sorting Albums and Songs
6
KPOP LOGIC QUIZ
7
Guess the Taylor Swift song (Mystery Song)
8
Guess The Taylor Swift Lyrics Song #1
9
Billboard Blitz: ABBA
10
Billboard Blitz: The Beatles
Explore More
Trending Topics
NBA
Disney
Harry Potter
Anime
Marvel
Kpop
Crossword
WWE
Country
Song
NFL
Soccer
The Office
Puzzle
Pokémon
hide this ad
More By:
lolmusiclol
Quiz
Plays
Rating
Category
Featured
Created
'Irreplaceable' Lyrics
21,762
4.50
Music
Jul 29, 2015
'Black magic' Lyrics by Little Mix
7,186
4.93
Music
Jul 5, 2015
'One last time' Lyrics by Ariana Grande
6,799
4.91
Music
Jul 5, 2015
'Treat you better' Lyrics by Shawn Mendes
6,130
4.67
Music
Aug 4, 2016
'Thinking out loud' Lyrics by Ed Sheeran
6,009
4.57
Music
Jan 1, 2015
Go to Creator's Profile
Score Distribution
Quiz Creator Spotlight
lolmusiclol
Follow
Send a Message
Quizzes Created
-
Created Quiz Play Count
-
More By This Creator
Popular Quizzes Today
1
Find the US States - No Outlines Minefield
2
Find the Countries of Europe - No Outlines Minefield
3
The Countries of the World
4
Find the US States
5
Risky Map Clicking: Biggest States A-Z
6
US States
7
Popular People in 1961
8
Movies - When Are They Set?
More Music Quizzes
Bands/Artists From Arizona
Quiz Lab
Trending Quizzes
Risky Map Clicking: Least Populous States A-Z
Countries of the World: 200 Million BC
Billboard Blitz: Aretha Franklin
1-10 Letter G Words
Famous Russians: Author or Composer?
Recently Updated
Leaping Animals
pecheneg
Reality TV Shows (A-Z)
bhenderson79
Rickey Henderson's Hall of Fame Teammates
pecheneg
Champions League XIs: Arsenal
pecheneg
Quick Pick: Celebrities in WWE's Hall of Fame
aduchscher
A-Z Keypad Blitz II
pecheneg
Multiple Oscar Actors
pecheneg
Mystery Phrase Blitz: Oscar 'Best Actors'
pecheneg
F. Scott Fitzgerald Novels
LTH
Pick 3 Villains
ddd62291
Trending Topics
Anime
Crossword
Kpop
NBA
Marvel
Disney
Harry Potter
Song
Soccer
NFL
Puzzle
WWE
Country
Pokémon
The Office
Your Account Isn't Verified!
In order to create a playlist on Sporcle, you need to verify the email address you used during registration. Go to your
Sporcle Settings
to finish the process.
Report this User
Report this user for behavior that violates our
Community Guidelines
.
Details:
Send Report
Go to the Sporcle.com Mobile Site →
Comments